000 06596namaa22004331i 4500
003 EG-GICUC
005 20251127095328.0
008 251111s2024 ua a|||frm||| 000 0 eng d
040 _aEG-GICUC
_beng
_cEG-GICUC
_dEG-GICUC
_erda
041 0 _aeng
_beng
_bara
049 _aDeposit
082 0 4 _a620.0042
092 _a620.0042
_221
097 _aM.Sc
099 _aCai01.13.13.M.Sc.2024.Ah.D
100 0 _aAhmed Abdelmegid Tawfik Elbahgy,
_epreparation.
245 1 0 _aDesign and manufacture of a two-stage forcespinning spinneret for nanofiber production /
_cby Ahmed Abdelmegid Tawfik Elbahgy ; Supervisors Prof. Dr.Tarek Abdel Sadek Osman, Prof. Dr. Nagwa Elshahat Ahmed Elzayady.
246 1 5 _aتصميم وتصنيع مغزل قوة دوران ذو مرحلتين لإنتاج الألياف النانوية
264 0 _c2024.
300 _a103 pages :
_billustrations ;
_c30 cm. +
_eCD.
336 _atext
_2rda content
337 _aUnmediated
_2rdamedia
338 _avolume
_2rdacarrier
502 _aThesis (M.Sc)-Cairo University, 2024.
504 _aBibliography: pages 90-99.
520 3 _aForcespinning is a promising technique for manufacturing nanofibers. In the last decade, it has shown a good potential to be a well-established method to supply nanofibers on a mass scale at an economical cost. Although electrospinning is currently the main tool, it has many down features. For example, high cost and low production. Also, it cannot produce nanofibers from non-conductive solvents. Therefore, the focus is now on forcespinning. The main goal is to enhance the process variables, that will support vital industry fields, such as; tissue engineering, drug delivery in the medical field, and water filtration. The first part of this research was dedicated to finding the proper machine design. Starting with a novel two-stage spinneret. Which reduces polymer loss due to leaks, less vibration, and supports a production rate of up to 36 kg/hr. In addition, the two stages eliminate the turbulence in the process, which leads to consistency in the fiber mesh. Then, the machine control and human-machine interface (HMI), that embedded systems are fully automated, supporting accuracy and flexibility for the production process. During this stage of research, the machine is designed, built, programmed, and tested. The second part was conducted to produce nanofiber utilizing the proposed machine and several production parameters. Focusing on three materials, Polycaprolactone (PCL, C_6 H_10 O_2), Polyviny lpyrrolidon (PVP, C_6 H_9 NO) and Poly (vinyl alcohol) (PVA, C_2 H_4 O) , solved in chloroform, Ethanol, and distilled water. Then presenting its applications. Four orifice diameters (0.2-0.4-0.6-0.8) mm have been tested and several concentrations between (5-30) wt.% as well, along with spinning speeds in range (2000-8000) rpm. Then the fiber diameters were recorded and cost-value evaluated.
520 3 _aتعتبر قوة الدوران تقنية واعدة لتصنيع الألياف النانوية. في العقد الماضي أظهرت إمكانيات جيدة كطريقة معتمده لانتاج الألياف النانوية على نطاق واسع وبتكلفة اقتصادية. على الرغم من أن الغزل الكهربائي هو التقنية الرئيسية المستخدمة حاليًا، إلا أنه يحتوي على العديد من العيوب. على سبيل المثال، التكلفة العالية وانخفاض الإنتاجية. كما أنه لا يستطيع إنتاج ألياف نانوية من مذيبات غير موصلة للكهرباء لذلك بدأ العمل على قوى الدوران. والهدف الرئيسي هو تعزيز متغيرات العملية، التي من شأنها دعم مجالات صناعية حيوية، مثل هندسة الأنسجة وصناعة الأدوية في المجال الطبي، وتنقية المياه. تم تخصيص الجزء الأول من هذا البحث لإيجاد التصميم الأنسب لألة الإنتاج. بدءً من المغزل الجديد كليا والمكون من مرحلتين. مما يقلل من فقدان البوليمر بسبب التسريبات، وله اهتزازات أقل ويدعم معدل إنتاج يصل إلى 36 كغ/ساعة. علاوة على ذلك، فإن المرحلتان تعملان على تقليل الاضطرابات في عمليه الإنتاج مما يؤدي إلى تماسك شبكه الالياف النانوية. ثم التحكم في الماكينة وواجهة التحكم البشرية، وهذه الأنظمة المدمجة تعمل أوتوماتيكيا بالكامل، وتعمل على رفع الدقة والمرونة لعملية الإنتاج. خلال هذه المرحلة من البحث، تم تصميم الآلة وتصنيعها وبرمجتها واختبارها. أما الجزء الثاني فقد تم تخصيصه لإنتاج ألياف نانوية باستخدام الآلة التي تم تصنيعها مع العديد من معاملات الإنتاج. وتم التركيز على ثلاث مواد، بولي كابرولاكتون (PCL, C_6 H_10 O_2)، بولي فينيل بيروليدون (PVP, C_6 H_9 NO) وبولي (كحول الفينيل) (PVA, C_2 H_4 O)، والتي تم اذابتها في الكلوروفورم والإيثانول والماء المقطر، وتم عرض تطبيقاتها. لقد تم اختبار أربعة أقطار للفوهات (0.2-0.4-0.6-0.8) مم وعدة تركيزات بين (5-30) %wt، جنبًا إلى جنب مع سرعات الغزل في نطاق (2000-8000) دورة في الدقيقة. ثم تم تسجيل أقطار الألياف وتقييم القيمة والتكلفة.
530 _aIssues also as CD.
546 _aText in English and abstract in Arabic & English.
650 0 _aDesign Engineering
650 0 _aالتصميم الهندسي
653 1 _aNanofiber
_aForcespinning
_aSpinneret
_aPolycaprolactone
_aSEM
700 0 _aTarek Abdel Sadek Osman
_ethesis advisor.
700 0 _aNagwa Elshahat Ahmed Elzayady
_ethesis advisor.
900 _b01-01-2024
_cTarek Abdel Sadek Osman
_cNagwa Elshahat Ahmed Elzayady
_dMohamed Hassan Elshazly
_dMohamed Ibrahim El-Anwar
_UCairo University
_FFaculty of Engineering
_DDepartment of Mechanical Design and Production Engineering
905 _aShimaa
_eEman Ghareb
942 _2ddc
_cTH
_e21
_n0
999 _c175745